000
00290nam a22001337a 4500
008
190225b xxu||||| |||| 00| 0 eng d
020
_a
012348460
041
_a
eng
080
_a
510
100
_a
38
101
_a
MAT
245
_a
Elementary Linear Algebra
_c
Hill, R.O
942
_2
udc
_c
BK
999
_c
54244
_d
54244